000 00509nam a22001697a 4500
003 OSt
005 20260209124924.0
008 260209b |||||||| |||| 00| 0 eng d
040 _cMRSPTU
041 _aEnglish
100 _aParminder Singh, Supervisor: Dr. Rakesh Kumar Singla
245 _aEffects of Fire on Concrete
260 _bDepartment of Civil Engg. MRSPTU, Bathinda
_c2014
650 _aCivil Engineering
856 _uhttp://163.47.215.52:8080/jspui/handle/123456789/1091
942 _2ddc
_cTH
_n0
999 _c10870
_d10870